| 000 | 00368nam a2200157Ia 4500 | ||
|---|---|---|---|
| 008 | 230312s9999||||xx |||||||||||||| ||und|| | ||
| 020 | _a0-07-135345-3 | ||
| 082 |
_a005.13 _bHUB |
||
| 100 | _aHubbard John R. | ||
| 245 | 0 | _aData Structures With C + + | |
| 260 |
_bMcGraw Hill _aNew York _c2000 |
||
| 300 | _a407 | ||
| 546 | _aEng. | ||
| 650 | _aComputer | ||
| 942 | _cBK | ||
| 999 |
_c3133 _d3133 |
||